| 000 | 00400pam a2200157 4500 | ||
|---|---|---|---|
| 020 | _a0070250987 | ||
| 040 | _cDLC | ||
| 082 | 0 | 0 | _a519 MCG 1973 A059 Or. |
| 100 | 1 | _aGuenther, William C. | |
| 245 | 1 | 0 | _aConcepts of statistical inference |
| 250 | _a2d ed. | ||
| 260 |
_aNew York, _bMcGraw-Hill _c[1973] |
||
| 300 |
_axi, 553 p. _billus. _c24 cm. |
||
| 650 | 0 | _aMathematical statistics. | |
| 942 | _cEK | ||
| 999 |
_c14345 _d14345 |
||